[Event "10th Philadelphia International"]
[Site "Philadelphia, PA"]
[Date "2016.07.05"]
[Round "1.1"]
[White "Bachmann, Axel"]
[Black "Taghizadeh, Rayan"]
[Result "1-0"]
[WhiteElo "2649"]
[BlackElo "2182"]
[PlyCount "77"]
[EventDate "2016.07.??"]
[EventType "swiss"]
[EventRounds "9"]
[EventCountry "USA"]
[WhiteClock "1:00:11"]
[BlackClock "0:18:30"]

1. c4 e5 2. Nc3 Nc6 3. g3 g6 4. Bg2 Bg7 5. e3 Nge7 6. Nge2 O-O 7. O-O d6 8. d4
f5 9. d5 Nb8 10. e4 Nd7 11. Rb1 Nf6 12. b4 Nh5 13. Qd3 f4 14. Bf3 Bh3 15. Re1
Qd7 16. Kh1 Bg4 17. gxf4 Nxf4 18. Nxf4 Bxf3+ 19. Qxf3 g5 20. Rg1 gxf4 21. Bd2
Ng6 22. Rg4 Bf6 23. Qh3 Kh8 24. c5 dxc5 25. bxc5 c6 26. Rbg1 Rg8 27. Qh5 Qf7
28. f3 Rac8 29. Be1 Rg7 30. Bf2 Kg8 31. Qf5 Re8 32. h4 Ne7 33. Rxg7+ Bxg7 34.
Qd7 Kf8 35. Rb1 Qh5 36. Kg2 cxd5 37. Nxd5 Qg6+ 38. Kh2 Qh5 39. Nc7 1-0

[Event "10th Philadelphia International"]
[Site "Philadelphia, PA"]
[Date "2016.07.05"]
[Round "1.2"]
[White "Titus, Andrew"]
[Black "Shimanov, Alex"]
[Result "0-1"]
[WhiteElo "2173"]
[BlackElo "2627"]
[PlyCount "43"]
[EventDate "2016.07.??"]
[EventType "swiss"]
[EventRounds "9"]
[EventCountry "USA"]
[WhiteClock "1:34:42"]
[BlackClock "1:41:41"]

1. e4 e6 2. d4 d5 3. Nd2 Nc6 4. Ngf3 Nf6 5. e5 Nd7 6. Nb3 f6 7. exf6 Qxf6 8. c3
Bd6 9. Bd3 O-O 10. Bg5 Qf7 11. Qc2 Qh5 12. h4 e5 13. dxe5 Ndxe5 14. Be2 Nxf3+
15. Bxf3 Rxf3 16. gxf3 Qxf3 17. Rg1 Bg4 18. Rxg4 Re8+ 19. Be3 Qxg4 20. Qd1 Qg2
21. Qd2 d4 22. Qd1 0-1

[Event "10th Philadelphia International"]
[Site "Philadelphia, PA"]
[Date "2016.07.05"]
[Round "1.3"]
[White "Zherebukh, Yaroslav"]
[Black "Yim, Sung Ho"]
[Result "1-0"]
[WhiteElo "2595"]
[BlackElo "2169"]
[PlyCount "45"]
[EventDate "2016.07.??"]
[EventType "swiss"]
[EventRounds "9"]
[EventCountry "USA"]
[WhiteClock "1:33:35"]
[BlackClock "1:12:44"]

1. d4 Nf6 2. Bf4 e6 3. Nf3 c5 4. e3 Nc6 5. c3 d5 6. Nbd2 Bd6 7. Bg3 O-O 8. Bd3
b6 9. Ne5 Bb7 10. O-O Qc7 11. f4 Ne7 12. Qb1 Ng6 13. Rf3 Rad8 14. Be1 Qc8 15.
Rh3 Qa8 16. Qd1 Bxe5 17. fxe5 Ne4 18. Qh5 h6 19. Nxe4 dxe4 20. Be2 Qc8 21. Bh4
cxd4 22. Bf6 dxe3 23. Bxg7 1-0

[Event "10th Philadelphia International"]
[Site "Philadelphia, PA"]
[Date "2016.07.05"]
[Round "1.4"]
[White "Zhang, Chao"]
[Black "Papp, Gabor"]
[Result "0-1"]
[WhiteElo "2156"]
[BlackElo "2584"]
[PlyCount "84"]
[EventDate "2016.07.??"]
[EventType "swiss"]
[EventRounds "9"]
[EventCountry "USA"]
[WhiteClock "0:04:25"]
[BlackClock "1:10:59"]

1. e4 c5 2. Nf3 d6 3. Nc3 Nf6 4. d4 cxd4 5. Nxd4 a6 6. Bg5 e6 7. f4 h6 8. Bxf6
Qxf6 9. Qd2 g5 10. g3 gxf4 11. O-O-O fxg3 12. hxg3 Be7 13. Kb1 Qg5 14. Qe2 Nc6
15. Nxc6 bxc6 16. Rh5 Qxg3 17. e5 d5 18. Rd3 Qg1 19. Rdh3 Bg5 20. Qf3 Rf8 21.
Ne2 Qb6 22. Qc3 Rb8 23. b3 Bd7 24. Rf3 Qb4 25. Qd3 a5 26. Rh1 a4 27. Bg2 axb3
28. cxb3 c5 29. Ng3 Qd2 30. Qxd2 Bxd2 31. Nh5 Ke7 32. Nf6 Bb5 33. Rd1 Bg5 34.
Rf2 Rfc8 35. Bh3 Bh4 36. Rf4 Bg3 37. Rf3 Be2 38. Rxd5 Bxf3 39. Rd7+ Kf8 40.
Bxe6 Rb7 41. Rxb7 Bxb7 42. Bxc8 Bxc8 0-1

[Event "10th Philadelphia International"]
[Site "Philadelphia, PA"]
[Date "2016.07.05"]
[Round "1"]
[White "Tickoo, Sahil"]
[Black "Mulyar, Michael"]
[Result "1/2-1/2"]
[WhiteElo "2016"]
[BlackElo "2381"]
[PlyCount "64"]
[EventDate "2016.07.??"]
[EventType "swiss"]
[EventRounds "9"]
[EventCountry "USA"]

1. d4 d5 2. c4 c6 3. cxd5 cxd5 4. Nc3 Nf6 5. Bf4 Nc6 6. e3 Bf5 7. Qb3 Na5 8.
Qa4+ Bd7 9. Qc2 e6 10. Bd3 Nc6 11. a3 Nh5 12. Bg3 Nxg3 13. hxg3 g6 14. Nf3 Bg7
15. Rc1 O-O 16. b4 e5 17. dxe5 Nxe5 18. Nxe5 Bxe5 19. O-O Be6 20. Ne2 Rc8 21.
Qd2 Qf6 22. Rc5 b6 23. Rxc8 Rxc8 24. Ba6 Rc7 25. Rd1 h5 26. Nd4 Bxd4 27. Qxd4
Qxd4 28. Rxd4 Rc1+ 29. Kh2 Rc2 30. Kg1 Rc1+ 31. Kh2 Rc2 32. Kg1 Rc1+ 1/2-1/2

[Event "10th Philadelphia International"]
[Site "Philadelphia, PA"]
[Date "2016.07.05"]
[Round "1"]
[White "Ippolito, Dean"]
[Black "Kumar, Nikhil"]
[Result "1-0"]
[WhiteElo "2371"]
[BlackElo "2014"]
[PlyCount "85"]
[EventDate "2016.07.??"]
[EventType "swiss"]
[EventRounds "9"]
[EventCountry "USA"]

1. d4 d5 2. Nf3 Nf6 3. c4 e6 4. g3 Be7 5. Bg2 O-O 6. O-O c6 7. Qc2 Nbd7 8. Bf4
Ne4 9. Nfd2 Nxd2 10. Nxd2 Nf6 11. Rfd1 Bd6 12. c5 Bxf4 13. gxf4 Qc7 14. e3 Nd7
15. b4 f6 16. b5 Kh8 17. Rab1 e5 18. bxc6 bxc6 19. fxe5 fxe5 20. e4 Nf6 21. Qb3
exd4 22. exd5 cxd5 23. Bxd5 Nxd5 24. Qxd5 Bg4 25. f3 Rad8 26. Qb7 Qxb7 27. Rxb7
Be6 28. Rxa7 Ra8 29. Rxa8 Rxa8 30. Nb3 Rc8 31. Nxd4 Bxa2 32. c6 Bd5 33. Rc1
Bxc6 34. Rxc6 Re8 35. Kf2 g6 36. Rc7 Re5 37. h4 h6 38. Kg3 h5 39. Rd7 g5 40.
hxg5 Rxg5+ 41. Kh4 Rc5 42. f4 Kg8 43. f5 1-0

[Event "10th Philadelphia International"]
[Site "Philadelphia, PA"]
[Date "2016.07.05"]
[Round "1"]
[White "Nieto, Guillermo"]
[Black "Atoufi, Pedram"]
[Result "1-0"]
[WhiteElo "1894"]
[BlackElo "2272"]
[PlyCount "93"]
[EventDate "2016.07.??"]
[EventType "swiss"]
[EventRounds "9"]
[EventCountry "USA"]

1. e4 e5 2. Nf3 Nc6 3. Bb5 a6 4. Ba4 Nf6 5. O-O Be7 6. Re1 b5 7. Bb3 d6 8. c3
O-O 9. h3 Na5 10. Bc2 d5 11. exd5 e4 12. Bxe4 Nxe4 13. Rxe4 Bb7 14. d4 Re8 15.
Re1 Qxd5 16. Bf4 Qf5 17. Bxc7 Nc4 18. b3 Nb2 19. Qd2 Bxf3 20. Qxb2 Qd5 21. Re5
Qb7 22. gxf3 Qxc7 23. Nd2 Bd6 24. Rxe8+ Rxe8 25. Ne4 Re6 26. Nxd6 Qxd6 27. Qd2
Rg6+ 28. Kf1 Qh2 29. Ke2 Re6+ 30. Kd3 Qxh3 31. Qf4 h5 32. Rg1 Rg6 33. Rxg6 Qf1+
34. Ke4 Qb1+ 35. Kd5 Qxg6 36. Kc5 Qc2 37. d5 Qxf2+ 38. Kc6 Qa7 39. Qc7 Qa8+ 40.
Kc5 h4 41. d6 Qxf3 42. d7 Qxc3+ 43. Kb6 Qd4+ 44. Kb7 Qe4+ 45. Kb8 h3 46. d8=Q+
Kh7 47. Qdd7 1-0

[Event "10th Philadelphia International"]
[Site "Philadelphia, PA"]
[Date "2016.07.06"]
[Round "2.1"]
[White "Balakrishnan, Praveen"]
[Black "Bachmann, Axel"]
[Result "0-1"]
[WhiteElo "2367"]
[BlackElo "2649"]
[PlyCount "66"]
[EventDate "2016.07.??"]
[EventType "swiss"]
[EventRounds "9"]
[EventCountry "USA"]
[WhiteClock "0:12:05"]
[BlackClock "1:01:09"]

1. e4 g6 2. d4 Bg7 3. Nc3 d6 4. Be3 a6 5. Qd2 b5 6. h4 Nf6 7. f3 h5 8. O-O-O
Nc6 9. Nge2 e5 10. dxe5 Nxe5 11. Bg5 Be6 12. Qf4 c6 13. Nd4 Bd7 14. Nb3 Be6 15.
Nc5 Qe7 16. Nd3 Bc8 17. Nxe5 dxe5 18. Qd2 Be6 19. Be2 Qc7 20. Qd6 Rc8 21. Qa3
Bf8 22. Qxa6 Nd7 23. Be3 Nc5 24. Bxc5 Bxc5 25. a4 O-O 26. axb5 Ra8 27. Qxc6
Be3+ 28. Rd2 Ra1+ 29. Nb1 Ba2 30. c4 Rxb1+ 31. Kc2 Qa5 32. Rd3 Qa4+ 33. b3
Bxb3+ 0-1

[Event "10th Philadelphia International"]
[Site "Philadelphia, PA"]
[Date "2016.07.06"]
[Round "2.2"]
[White "Shimanov, Alex"]
[Black "Aldama, Dionisio"]
[Result "1-0"]
[WhiteElo "2627"]
[BlackElo "2391"]
[PlyCount "95"]
[EventDate "2016.07.??"]
[EventType "swiss"]
[EventRounds "9"]
[EventCountry "USA"]
[WhiteClock "0:35:07"]
[BlackClock "0:03:28"]

1. d4 Nf6 2. Bf4 d6 3. Nc3 Nbd7 4. Nf3 g6 5. Qd2 a6 6. a4 c5 7. d5 Nh5 8. Bh6
Bxh6 9. Qxh6 Qb6 10. Qc1 O-O 11. e4 Ne5 12. Nxe5 dxe5 13. a5 Qd6 14. Bc4 f5 15.
Ra3 Kh8 16. Rb3 f4 17. Na4 Nf6 18. Nb6 Rb8 19. Bd3 Qc7 20. Qd2 e6 21. d6 Qxd6
22. Nc4 Qd4 23. f3 g5 24. Rb6 Rd8 25. Ke2 g4 26. Qc3 Kg8 27. Nxe5 Qe3+ 28. Kf1
g3 29. hxg3 fxg3 30. Qe1 Qf4 31. Nc4 Ng4 32. Ke2 Nh2 33. Qc1 e5 34. Ne3 Bh3 35.
Qg1 Kh8 36. Nd5 Rxd5 37. exd5 e4 38. Bxe4 Re8 39. Qe3 Qxe3+ 40. Kxe3 Bxg2 41.
Rg1 Nf1+ 42. Kd3 Bxf3 43. Bxf3 Re3+ 44. Kc4 Rxf3 45. d6 Ne3+ 46. Kxc5 g2 47. d7
Rf8 48. Re6 1-0

[Event "10th Philadelphia International"]
[Site "Philadelphia, PA"]
[Date "2016.07.06"]
[Round "2.3"]
[White "Wang, Qibiao"]
[Black "Zherebukh, Yaroslav"]
[Result "0-1"]
[WhiteElo "2584"]
[BlackElo "2595"]
[PlyCount "74"]
[EventDate "2016.07.??"]
[EventType "swiss"]
[EventRounds "9"]
[EventCountry "USA"]
[WhiteClock "0:06:53"]
[BlackClock "1:23:39"]

1. d4 Nf6 2. Nc3 d5 3. Bf4 e6 4. e3 a6 5. a3 c5 6. h3 Nc6 7. Nf3 Bd6 8. dxc5
Bxc5 9. Bd3 O-O 10. O-O Bd6 11. Bg5 h6 12. Bh4 g5 13. Nxg5 hxg5 14. Bxg5 Kg7
15. f4 Rg8 16. Qe1 Be7 17. Qg3 Kf8 18. e4 Ke8 19. e5 Nd7 20. h4 Qb6+ 21. Kh1
Bxg5 22. Rae1 Qxb2 23. Nd1 Qxa3 24. fxg5 Qe7 25. Nf2 Kd8 26. Ng4 Kc7 27. Qf4
Rf8 28. h5 b5 29. Nf6 Nxf6 30. exf6+ Qd6 31. Qxd6+ Kxd6 32. Bh7 Rh8 33. g6 Bd7
34. Re3 Ne5 35. Kg1 Ng4 36. Rg3 e5 37. Rb1 Nxf6 0-1

[Event "10th Philadelphia International"]
[Site "Philadelphia, PA"]
[Date "2016.07.06"]
[Round "2.4"]
[White "Papp, Gabor"]
[Black "Ippolito, Dean"]
[Result "1/2-1/2"]
[WhiteElo "2584"]
[BlackElo "2371"]
[PlyCount "39"]
[EventDate "2016.07.??"]
[EventType "swiss"]
[EventRounds "9"]
[EventCountry "USA"]
[WhiteClock "0:15:08"]
[BlackClock "0:37:51"]

1. e4 e5 2. Nf3 Nf6 3. Nxe5 d6 4. Nf3 Nxe4 5. d4 d5 6. Bd3 Bd6 7. O-O O-O 8. c4
c6 9. Re1 Bf5 10. Qc2 Na6 11. a3 Bg6 12. c5 Bb8 13. Nc3 f5 14. Qb3 Rf7 15. g3
h6 16. Nh4 Qf6 17. Nxg6 Qxg6 18. Ne2 Qf6 19. f3 Ng5 20. Kg2 1/2-1/2

[Event "10th Philadelphia International"]
[Site "Philadelphia, PA"]
[Date "2016.07.06"]
[Round "2"]
[White "Zhou, Guijue"]
[Black "Burke, John"]
[Result "1-0"]
[WhiteElo "2238"]
[BlackElo "2571"]
[PlyCount "75"]
[EventDate "2016.07.??"]
[EventType "swiss"]
[EventRounds "9"]
[EventCountry "USA"]

1. e4 e5 2. Nf3 Nc6 3. Bc4 Bc5 4. c3 Nf6 5. d3 a6 6. a4 Ba7 7. O-O O-O 8. Na3
d6 9. Nc2 Ne7 10. Be3 Be6 11. Bxe6 fxe6 12. Bxa7 Rxa7 13. Re1 Ng6 14. d4 Qe7
15. dxe5 dxe5 16. Qe2 Raa8 17. Qc4 Nh5 18. Re3 Rf6 19. Rd1 Raf8 20. Nce1 Nhf4
21. g3 Nh3+ 22. Kg2 Ng5 23. Rd2 Qf7 24. Qe2 Nxf3 25. Rxf3 Rxf3 26. Nxf3 h6 27.
h4 Qf6 28. Rd7 Rc8 29. Qc4 Rf8 30. Rd3 Qf7 31. Qc5 Qe8 32. b3 b5 33. axb5 axb5
34. Qxc7 Qa8 35. Rd7 Nxh4+ 36. gxh4 Qxe4 37. Rxg7+ Kh8 38. Rg3 1-0

[Event "10th Philadelphia International"]
[Site "Philadelphia, PA"]
[Date "2016.07.06"]
[Round "2"]
[White "Antal, Gergely"]
[Black "Viswanadha, Kesav"]
[Result "1/2-1/2"]
[WhiteElo "2545"]
[BlackElo "2357"]
[PlyCount "119"]
[EventDate "2016.07.??"]
[EventType "swiss"]
[EventRounds "9"]
[EventCountry "USA"]

1. e4 e5 2. Nc3 Nf6 3. g3 d5 4. exd5 Nxd5 5. Bg2 Nxc3 6. bxc3 Bd6 7. Nf3 O-O 8.
O-O Nc6 9. d4 Qf6 10. Rb1 Rb8 11. Be3 exd4 12. cxd4 h6 13. h3 Na5 14. Nd2 Bf5
15. g4 Bh7 16. Rb5 b6 17. Be4 Qe6 18. Bxh7+ Kxh7 19. c4 c6 20. Qc2+ Kg8 21. Rh5
Rfe8 22. d5 cxd5 23. Rxd5 Rbc8 24. Qd3 Bb4 25. Rc1 Nc6 26. Nf3 Bf8 27. a3 Qe4
28. Qxe4 Rxe4 29. Nd2 Re5 30. a4 Rxd5 31. cxd5 Ne7 32. Rxc8 Nxc8 33. Nc4 Bd6
34. Kg2 Kf8 35. Kf3 Ke7 36. Bd4 f6 37. Ke4 Kd7 38. h4 Bc7 39. h5 a6 40. Kd3 Ne7
41. Ke4 Nc8 42. Ne3 Nd6+ 43. Kd3 b5 44. axb5 axb5 45. Bc5 Nf7 46. Bf8 Bb6 47.
f4 Bc7 48. Ke4 Nd6+ 49. Bxd6 Bxd6 50. Nf5 Bf8 51. Nd4 b4 52. Ne6 Bd6 53. Kd3
Ke7 54. f5 Bg3 55. Nc5 Be1 56. Kc4 Kd6 57. Nb7+ Kc7 58. Nc5 Kd6 59. Nb7+ Kc7
60. Nc5 1/2-1/2

[Event "10th Philadelphia International"]
[Site "Philadelphia, PA"]
[Date "2016.07.06"]
[Round "2"]
[White "Jimenez, Fidel"]
[Black "Niemann, Hans"]
[Result "1-0"]
[WhiteElo "2530"]
[BlackElo "2269"]
[PlyCount "174"]
[EventDate "2016.07.??"]
[EventType "swiss"]
[EventRounds "9"]
[EventCountry "USA"]

1. d4 Nf6 2. Bg5 e6 3. e4 h6 4. Bxf6 Qxf6 5. Qd2 d5 6. Nc3 Bb4 7. e5 Qd8 8. f4
c5 9. a3 Ba5 10. Nf3 Nc6 11. Bb5 cxd4 12. Nxd4 Bd7 13. Bxc6 Bxc6 14. O-O O-O
15. Kh1 Bd7 16. Rad1 Rc8 17. Rf3 f5 18. Rg3 Qe8 19. h3 Qh5 20. Rf1 a6 21. Kh2
Kh7 22. Rgf3 Bc7 23. Qd3 Kh8 24. Kh1 Rg8 25. Nce2 g5 26. fxg5 hxg5 27. Kg1 f4
28. h4 Qg6 29. hxg5 Qxd3 30. Rxd3 Bxe5 31. c3 Rcf8 32. Rh3+ Kg7 33. Rh6 Bxd4+
34. cxd4 Rf5 35. Nxf4 Rxg5 36. Rxe6 Bxe6 37. Nxe6+ Kh6 38. Nxg5 Rxg5 39. Rf6+
Kh5 40. Rf7 b5 41. Kf2 Kg4 42. Rf6 a5 43. Ke3 Kg3 44. Ra6 a4 45. Rb6 Kxg2 46.
Rxb5 Rf5 47. Kd2 Kf3 48. Kd3 Rf8 49. Rxd5 Rb8 50. Kc2 Ke4 51. Ra5 Rc8+ 52. Rc5
Rb8 53. d5 Kd4 54. Ra5 Rc8+ 55. Kd2 Rh8 56. Rxa4+ Kxd5 57. Rg4 Kc5 58. Rg3 Kc4
59. Rc3+ Kb5 60. Kc2 Ka4 61. Rc4+ Kb5 62. Kb3 Rh3+ 63. Rc3 Rh4 64. Rg3 Rf4 65.
a4+ Ka5 66. Rg5+ Kb6 67. Ka3 Rh4 68. Rb5+ Kc6 69. Rb4 Rh3+ 70. b3 Rh8 71. Rc4+
Kb6 72. Kb4 Rh5 73. Rg4 Ka6 74. Rg6+ Ka7 75. a5 Rh4+ 76. Kb5 Rh5+ 77. Ka4 Rf5
78. b4 Rh5 79. Rg7+ Kb8 80. a6 Rh1 81. Ka5 Rh5+ 82. b5 Rh1 83. Rg8+ Kc7 84. b6+
Kc6 85. Rc8+ Kd7 86. b7 Rh5+ 87. Kb6 Rh6+ 1-0

[Event "10th Philadelphia International"]
[Site "Philadelphia, PA"]
[Date "2016.07.06"]
[Round "2"]
[White "Bick, Gabriel"]
[Black "Kannappan, Priyadharshan"]
[Result "0-1"]
[WhiteElo "2203"]
[BlackElo "2484"]
[PlyCount "60"]
[EventDate "2016.07.??"]
[EventType "swiss"]
[EventRounds "9"]
[EventCountry "USA"]

1. e4 e5 2. Nf3 d6 3. d4 exd4 4. Nxd4 Nf6 5. Nc3 Be7 6. Bf4 O-O 7. Qd2 d5 8.
Ndb5 Bb4 9. O-O-O c6 10. Nc7 Nxe4 11. Qe3 Nxc3 12. bxc3 Ba3+ 13. Kb1 Na6 14.
Nxa8 Qa5 15. Bxa6 bxa6 16. Ka1 Be6 17. Bc7 Qa4 18. c4 dxc4 19. c3 Qc2 20. Rb1
Rxa8 21. Ba5 Bf5 22. Bb4 Qa4 23. Rbe1 Bxb4 24. cxb4 h6 25. Qc3 Bd3 26. Re5 Rb8
27. Ra5 Qxb4 28. Qxb4 Rxb4 29. Rxa6 Rb7 30. Re1 Rc7 0-1

[Event "10th Philadelphia International"]
[Site "Philadelphia, PA"]
[Date "2016.07.06"]
[Round "2"]
[White "Sarkar, Justin"]
[Black "Kumar, Aravind"]
[Result "1-0"]
[WhiteElo "2436"]
[BlackElo "2234"]
[PlyCount "115"]
[EventDate "2016.07.??"]
[EventType "swiss"]
[EventRounds "9"]
[EventCountry "USA"]

1. e4 e6 2. d4 d5 3. Nd2 Be7 4. c3 c5 5. e5 Nc6 6. Bd3 cxd4 7. cxd4 Qb6 8. Ndf3
f6 9. Ne2 Bd7 10. h4 Nb4 11. Bb1 Bb5 12. Nc3 Bc4 13. b3 Ba6 14. a3 Nc6 15. b4
Qc7 16. Qa4 Bc4 17. Nd2 Kf8 18. Nxc4 Nxd4 19. b5 Qxc4 20. Qxc4 dxc4 21. O-O
fxe5 22. f4 Nb3 23. fxe5+ Ke8 24. Ra2 Bc5+ 25. Kh1 Ne7 26. Ne4 Nf5 27. g4 Nxh4
28. Nxc5 Nxc5 29. Rh2 Rf8 30. Rxf8+ Kxf8 31. Rxh4 Rd8 32. Kg2 Nd3 33. Be3 Nxe5
34. g5 Rd1 35. Bc2 Re1 36. Bc5+ Ke8 37. Re4 Rc1 38. Rxe5 Rxc2+ 39. Kf3 b6 40.
Bd4 Kf7 41. Re3 Rd2 42. Ke4 Kg6 43. Rc3 Rb2 44. Rxc4 Rxb5 45. Rc7 Rxg5 46.
Rxg7+ Kh6 47. Rxa7 Rg4+ 48. Kd3 b5 49. Re7 Rg2 50. Rxe6+ Kh5 51. Re5+ Rg5 52.
Kc3 Rxe5 53. Bxe5 Kg6 54. Kb4 Kf5 55. Bh2 Ke6 56. Kxb5 Kd7 57. a4 Kc8 58. Kc6
1-0

[Event "10th Philadelphia International"]
[Site "Philadelphia, PA"]
[Date "2016.07.06"]
[Round "2"]
[White "Mulyar, Michael"]
[Black "Nieto, Guillermo"]
[Result "1-0"]
[WhiteElo "2381"]
[BlackElo "1894"]
[PlyCount "65"]
[EventDate "2016.07.??"]
[EventType "swiss"]
[EventRounds "9"]
[EventCountry "USA"]

1. d4 Nf6 2. Nf3 e6 3. c4 Bb4+ 4. Bd2 Qe7 5. g3 Nc6 6. Bg2 Bxd2+ 7. Nbxd2 O-O
8. O-O d6 9. e4 e5 10. d5 Nb8 11. Ne1 a5 12. Nd3 Na6 13. f4 Bd7 14. Qe2 c6 15.
fxe5 dxe5 16. Nf3 Bg4 17. Qe3 Bxf3 18. Rxf3 Nb4 19. Nxb4 Qxb4 20. b3 a4 21. a3
Qxb3 22. Qxb3 axb3 23. Rxb3 Ra4 24. Rc1 c5 25. Rxb7 Rxa3 26. Rc7 Re3 27. Rxc5
Nxe4 28. Bxe4 Rxe4 29. d6 Rd4 30. Rd5 Rd8 31. Rxd4 exd4 32. c5 f5 33. c6 1-0

[Event "10th Philadelphia International"]
[Site "Philadelphia, PA"]
[Date "2016.07.06"]
[Round "2"]
[White "Slade, Theodore"]
[Black "Popilski, Gil"]
[Result "0-1"]
[WhiteElo "2018"]
[BlackElo "2542"]
[PlyCount "42"]
[EventDate "2016.07.??"]
[EventType "swiss"]
[EventRounds "9"]
[EventCountry "USA"]

1. d4 Nf6 2. Nf3 e6 3. c3 c5 4. Bg5 d5 5. e3 b6 6. Bb5+ Bd7 7. Bd3 Nc6 8. Ne5
Be7 9. Nd2 O-O 10. f4 Ne8 11. Bxe7 Nxe7 12. O-O f6 13. Nxd7 Qxd7 14. Nf3 Nd6
15. g4 e5 16. fxe5 Qxg4+ 17. Kh1 Ne4 18. Qe2 Nf5 19. Rg1 Qh5 20. Kg2 c4 21. Bc2
Nh4+ 0-1

[Event "10th Philadelphia International"]
[Site "Philadelphia, PA"]
[Date "2016.07.06"]
[Round "2"]
[White "Atoufi, Pedram"]
[Black "Tickoo, Sahil"]
[Result "1-0"]
[WhiteElo "2272"]
[BlackElo "2016"]
[PlyCount "71"]
[EventDate "2016.07.??"]
[EventType "swiss"]
[EventRounds "9"]
[EventCountry "USA"]

1. e4 c5 2. Nf3 d6 3. d4 cxd4 4. Nxd4 Nf6 5. Nc3 a6 6. Be2 e5 7. Nb3 Be7 8. O-O
Be6 9. Kh1 Nbd7 10. f4 Qc7 11. a4 O-O 12. f5 Bc4 13. g4 d5 14. exd5 Nb6 15. g5
Nfxd5 16. Ne4 Rfd8 17. Bxc4 Qxc4 18. Qf3 Bf8 19. g6 f6 20. a5 Nc8 21. Rd1 Nd6
22. Nec5 Nxf5 23. Qxf5 Bxc5 24. Qe6+ Kh8 25. Nxc5 Qxc5 26. Qh3 Kg8 27. Qe6+ Kh8
28. Qh3 Kg8 29. Qxh7+ Kf8 30. Qh8+ Ke7 31. Qxg7+ Ke6 32. Qf7+ Kf5 33. Qh7 Nf4
34. g7+ Ke6 35. g8=Q+ Rxg8 36. Qd7# 1-0

[Event "10th Philadelphia International"]
[Site "Philadelphia, PA"]
[Date "2016.07.06"]
[Round "2"]
[White "Kumar, Nikhil"]
[Black "Wang, Tianqi"]
[Result "1/2-1/2"]
[WhiteElo "2014"]
[BlackElo "2189"]
[PlyCount "103"]
[EventDate "2016.07.??"]
[EventType "swiss"]
[EventRounds "9"]
[EventCountry "USA"]

1. d4 d5 2. c4 dxc4 3. e4 Nf6 4. e5 Nd5 5. Bxc4 e6 6. Nc3 Nb6 7. Bb3 Nc6 8. Nf3
Be7 9. O-O O-O 10. a3 Bd7 11. Bc2 Na5 12. b4 Nc6 13. Rb1 a6 14. Qd3 g6 15. Rd1
Na7 16. h3 Bc6 17. Nd2 Nd5 18. Nde4 Nxc3 19. Nxc3 Nb5 20. Nxb5 Bxb5 21. Qf3 Bc6
22. Be4 Bxe4 23. Qxe4 c6 24. Be3 Qd5 25. Qxd5 cxd5 26. Rdc1 Rfc8 27. Rxc8+ Rxc8
28. Rc1 Rc4 29. Kf1 Kf8 30. Ke2 Ke8 31. Kd3 b5 32. Bd2 Kd7 33. Bc3 Kc6 34. g3
Kb7 35. f3 Rc6 36. Bd2 Rc4 37. Bc3 a5 38. Rb1 Ka6 39. Rb3 axb4 40. axb4 Rc6 41.
Ra3+ Kb7 42. Ra5 Bd8 43. Ra1 Rc4 44. Ra3 Rc8 45. Ra1 Bc7 46. Bd2 Bb6 47. Bc3
Rf8 48. f4 Ra8 49. Rxa8 Kxa8 50. g4 Kb7 51. Ke3 Kc6 52. g5 1/2-1/2

[Event "10th Philadelphia International"]
[Site "Philadelphia, PA"]
[Date "2016.07.06"]
[Round "2"]
[White "Baumgartner, Blake"]
[Black "Ghatti, Sanjay"]
[Result "1-0"]
[WhiteElo "1877"]
[BlackElo "2151"]
[PlyCount "93"]
[EventDate "2016.07.??"]
[EventType "swiss"]
[EventRounds "9"]
[EventCountry "USA"]

1. e4 c6 2. d4 d5 3. Nd2 dxe4 4. Nxe4 Bf5 5. Ng3 Bg6 6. h4 h6 7. Nf3 Nd7 8. h5
Bh7 9. Bd3 Bxd3 10. Qxd3 e6 11. Bd2 Ngf6 12. O-O-O Be7 13. Ne4 Nxe4 14. Qxe4
Nf6 15. Qd3 Qd5 16. c4 Qe4 17. Qb3 O-O 18. Qxb7 Bd6 19. Rde1 Qf5 20. Qxc6 Rfd8
21. Qb5 Qh7 22. Qb3 Ne4 23. Be3 Rab8 24. Qc2 Rdc8 25. c5 Rb5 26. Nd2 Nxd2 27.
Qxh7+ Kxh7 28. Bxd2 e5 29. Kb1 Bb8 30. Bc3 exd4 31. Bxd4 Rd8 32. Rd1 a5 33. Be3
Re8 34. Rc1 Be5 35. Rc2 Reb8 36. Bc1 Rc8 37. c6 Rb6 38. Bd2 a4 39. Re1 Bd4 40.
c7 Bxf2 41. Be3 Bxe3 42. Rxe3 Rd6 43. b4 Rd7 44. Rec3 a3 45. b5 Rd5 46. b6 Re8
47. Rxa3 1-0

[Event "10th Philadelphia International"]
[Site "Philadelphia, PA"]
[Date "2016.07.06"]
[Round "2"]
[White "Odeh, Kenneth"]
[Black "Bhatia, Aryaman"]
[Result "1-0"]
[WhiteElo "2032"]
[BlackElo "1295"]
[PlyCount "55"]
[EventDate "2016.07.??"]
[EventType "swiss"]
[EventRounds "9"]
[EventCountry "USA"]

1. e4 c5 2. Nc3 d6 3. g3 Nf6 4. Bg2 e6 5. d3 h6 6. Nge2 d5 7. e5 Nfd7 8. f4 Qc7
9. O-O Be7 10. Kh1 O-O 11. d4 f5 12. exf6 Nxf6 13. f5 cxd4 14. Nxd4 exf5 15.
Nxf5 Rd8 16. Bf4 Qd7 17. Nxd5 Nxd5 18. Qxd5+ Kh8 19. Qxd7 Rxd7 20. Rae1 Bd8 21.
Re8+ Kh7 22. Be4 g6 23. Be5 Rg7 24. Nxg7 Nd7 25. Bc3 Bf6 26. Nh5 Bxc3 27. Rf7+
Bg7 28. Rxg7# 1-0

[Event "10th Philadelphia International"]
[Site "Philadelphia, PA"]
[Date "2016.07.06"]
[Round "3.1"]
[White "Bachmann, Axel"]
[Black "Sarkar, Justin"]
[Result "1/2-1/2"]
[WhiteElo "2649"]
[BlackElo "2436"]
[PlyCount "71"]
[EventDate "2016.07.??"]
[EventType "swiss"]
[EventRounds "9"]
[EventCountry "USA"]

1. Nf3 Nf6 2. c4 g6 3. Nc3 d5 4. cxd5 Nxd5 5. h4 Bg7 6. e4 Nxc3 7. dxc3 Qxd1+
8. Kxd1 Bg4 9. Be2 Nd7 10. Be3 O-O-O 11. Nd2 Bxe2+ 12. Kxe2 h5 13. a4 Bh6 14.
Bxh6 Rxh6 15. Nc4 e5 16. a5 Rhh8 17. Rhd1 Rhe8 18. b4 Re6 19. Rd5 Rc6 20. Kd3
Re8 21. b5 Rc5 22. f3 Rxd5+ 23. exd5 e4+ 24. Kd4 exf3 25. gxf3 Re2 26. b6 axb6
27. axb6 Nxb6 28. Nxb6+ cxb6 29. Ra8+ Kd7 30. Rf8 Re7 31. c4 Kd6 32. Rd8+ Kc7
33. Rg8 Kd6 34. Rd8+ Kc7 35. Rg8 Kd6 36. Rd8+ 1/2-1/2

[Event "10th Philadelphia International"]
[Site "Philadelphia, PA"]
[Date "2016.07.06"]
[Round "3.2"]
[White "Kannappan, Priyadharshan"]
[Black "Shimanov, Alex"]
[Result "1/2-1/2"]
[WhiteElo "2484"]
[BlackElo "2627"]
[PlyCount "127"]
[EventDate "2016.07.??"]
[EventType "swiss"]
[EventRounds "9"]
[EventCountry "USA"]

1. e4 c6 2. Nf3 d5 3. Nc3 dxe4 4. Nxe4 Nf6 5. Nxf6+ exf6 6. Bc4 Bg4 7. O-O Be7
8. h3 Bh5 9. d4 O-O 10. Be2 Bd6 11. Nh4 Bg6 12. Bd3 Bc7 13. c3 Qd6 14. g3 Qd7
15. Kh2 a5 16. a4 Na6 17. Nxg6 hxg6 18. Qf3 Bd6 19. h4 Rfe8 20. Kg2 Bf8 21. Rh1
Nc7 22. h5 g5 23. Be3 Qd5 24. Rad1 Rad8 25. Rhe1 Bd6 26. Qxd5 Nxd5 27. Bc1 Re6
28. Bf5 Re7 29. Rxe7 Nxe7 30. Bc2 g6 31. hxg6 fxg6 32. c4 Bb4 33. g4 Kg7 34.
Be3 Nc8 35. Kf3 Nd6 36. Bd3 Nc8 37. Bc2 Nd6 38. Bd3 Nc8 39. Ke2 Nb6 40. b3 Re8
41. Bc2 Nd7 42. Kf3 Rd8 43. Kg2 Re8 44. Bd3 Nf8 45. Kf3 Rd8 46. Be2 Ne6 47. d5
cxd5 48. Rxd5 Rxd5 49. cxd5 Nc5 50. Bc4 Kf8 51. Bd4 Nd7 52. Ke4 Ke7 53. f4 gxf4
54. Kxf4 Bd6+ 55. Ke4 Be5 56. Be3 Kd6 57. Bd2 Nc5+ 58. Kf3 b6 59. Be3 Ba1 60.
Bc1 Be5 61. Ba3 Bc3 62. Kf4 Bd2+ 63. Kf3 Bc3 64. Kf4 1/2-1/2